| 000 | 02002cam a2200301 4500500 | ||
|---|---|---|---|
| 005 | 20260111145717.0 | ||
| 041 | _afre | ||
| 042 | _adc | ||
| 100 | 1 | 0 |
_aDossetto, Danièle _eauthor |
| 245 | 0 | 0 | _aUn sacrifice bovin à Barjols (Var) ? |
| 260 | _c2002. | ||
| 500 | _a64 | ||
| 520 | _aRésuméLa bibliographie sur la fête patronale de Barjols, qui évoque un sacrifice bovin, comporte un nombre extraordinaire d’études. Comment cette production s’est-elle formée ? Résiste-t-elle à l’examen des données empiriques ? S’agit-il d’interprétations rigoureusement documentées ou de surinterprétations ? L’évaluation est possible grâce à une enquête directe et archivistique. | ||
| 520 | _aAn extraordinarily abundant number of studies are devoted to the patronal festival of Barjols evoking the sacrifice of an ox. How did they develop ? Do they stand up to an examination of empirical data ? Are they rigorously documented interpretations or overinterpretations ? Both a field study and the analysis of historical sources enable us to answer these questions. | ||
| 520 | _aZusammenfassungEs gibt eine aussergewöhnliche Zahl von Studien über das Patronatsfest von Barjols, der die Opferung eines Ochsen evoziert. Wie sind sie entstanden ? Standhalten sie einer Untersuchung der empirischen Daten ? Handelt es sich um streng dokumentierte Interpretationen oder um Überinterpretationen ? Durch eine direkte Feldstudie und die analyse historischer Quellen können wir diese Frage beantworten. | ||
| 690 | _abœuf | ||
| 690 | _aérudition | ||
| 690 | _afête patronale | ||
| 690 | _ainterprétation | ||
| 690 | _asacrifice | ||
| 690 | _aerudition | ||
| 690 | _ainterpretation | ||
| 690 | _aox | ||
| 690 | _apatronal festival | ||
| 690 | _asacrifice | ||
| 786 | 0 | _nEthnologie française | 32 | 4 | 2002-12-01 | p. 727-734 | 0046-2616 | |
| 856 | 4 | 1 | _uhttps://shs.cairn.info/revue-ethnologie-francaise-2002-4-page-727?lang=fr&redirect-ssocas=7080 |
| 999 |
_c1636296 _d1636296 |
||